00427nam a2200169Ia 4500003000400000005001700004008004100021040000700062041000800069082001900077100003900096245005600135250000600191260004200197300001000239365000800249OSt20230330153118.0210423s1984 xx 000 0 und d cAL aeng a658.5 COOT223 aCOOK (Thomas M);RUSSEL (Robert A). aContemporary operations management: text and cases. a2 aNew DelhibPHI Learning Pvt Ltdc1984 ax,560 cINR